000 00283nam a2200109Ia 4500
001 589100
005 20250717120842.0
008 250717s9999 xx 000 0 und d
245 0 _aX-3 KÜÇÜK KÜLKEDİSİ
_cTERESA HEAPY
260 _bBİNBİR ÇİÇEK YAYINLARI
_c2018
300 _b20
999 _c589100
_d589100